00414 a2200157 450000100060000008200120000609000170001810000160003524500200005125000060007126000330007730000110011094200220012199900190014395200940016264336 a532 LAN c37972d37972 aLandau L.D aFluid Mechanics a2 aOxfordbPergamon Pressc1987 a539 p. aNUST-CAEk532 LAN c299409d299409 001040708NFICaCAEbCAEd2017-04-03l0o532 LANpCAEG-5292r2017-04-05w2017-04-05yBK